000 01129nmc a2200421 a 4500
003 AR-BaBNM
005 20251128203654.0
008 011101s1991 ||||||||||||||000 | spa||
020 _a950-16-3050-1
040 _cAR-BaBNM
100 1 _aSaab, Jorge
245 1 0 _aPensar y hacer historia en la escuela media
250 _a1ª ed.
260 _aBuenos Aires
_bTroquel
_c1991
300 0 _a197 p.
_bil., gráfs., mapas
490 0 _aTroquel educación
504 _aBibliografía en p. 191-193
650 4 _aHISTORIA
650 4 _aENSENANZA DE LA HISTORIA
650 4 _aTEORIA
650 4 _aHISTORIOGRAFIA
650 4 _aHISTORIADORES
650 4 _aFILOSOFIA DE LA HISTORIA
650 4 _aINVESTIGACION HISTORICA
650 4 _aANALISIS HISTORICO
650 4 _aMATERIAL FUENTE
650 4 _aDOCUMENTOS
650 4 _aMAPAS
650 4 _aPREHISTORIA
650 4 _aDESCUBRIMIENTOS GEOGRAFICOS
650 4 _aEXPLORACION GEOGRAFICA
651 4 _aPortugal
651 4 _aEspaña
653 0 _aEDUCACION SECUNDARIA
700 1 _aCasteluccio, Cristina
700 1 _aJacob, Esther
_eeditor
942 _cBK
999 _c4422
_d4422